000 01041nas a2200313 4500
001 BR2021000397
003 BR-BrBNA
005 20231205132152.0
007 ta
008 230509b bl.|||p| |||| 00| 00por d
040 _aBR-BrBNA
_bpor
_cBiblioteca Nacional de Agricultura
041 _a(Pt)
072 _aF01; H60; F03
100 1 _aBarbosa, A.S.
100 1 _aNascimento, I.R. do
100 1 _aFidelis, R.R.
100 1 _aSousa, S.M. de
100 1 _aPelúzio, J.M.
245 1 _aDessecação química e retardamento de colheita em soja visando à produção de sementes
650 _aCOLHEITA
650 _aGLYCINE MAX
650 _aSOJA
650 _aHERBICIDA DESSECANTE
773 0 _tNativa. Pesquisas Agrárias e Ambientais (Brazil)
_xISSN 2318-7670
_g(Jan-Fev 2019), v. 7(1) p. 13-22
_wBR2021000397
856 4 0 _uhttps://periodicoscientificos.ufmt.br/ojs/index.php/nativa/article/view/6613/5292
856 4 0 _dLink DSPACE/MAPA BR2021000397
909 _a202311
_bLúcia
_c55
_dLúcia Elande
942 _2AGRIS
_n0
_cANA
999 _c258865
_d258865